Państwa większe od Teksasu - nagła śmierć - Statystyki

Ogólne statystyki
  • Ten quiz został rozwiązany 50 razy
  • Średni wynik to 13 z 25
Answers on the Grid
Answers color-coded by a green-red scale on the quiz's grid according to % correct below.
Angola
Argentyna
Australia
Belize
Bhutan
Boliwia
Brazylia
Bułgaria
Kambodża
Czad
Chile
Kuba
Egipt
Etiopia
Francja
Grecja
Gujana
Węgry
Indie
Indonezja
Iran
Irak
Japonia
Kazachstan
Kenia
Libia
Meksyk
Mongolia
Namibia
Nowa Zealandia
Nigeria
Korea Północna
Norwegia
Oman
Pakistan
Polska
Rosja
Arabia Saudyjska
Senegal
Republika Południowej Afryki
Hiszpania
Sudan
Szwecja
Tajlandia
Togo
Tunezja
Turcja
Vanuatu
Wenezuela
Wietnam
 
Statystyki odpowiedzi
Odpowiedź % Poprawnych
Brazylia
91%
Argentyna
88%
Australia
76%
Egipt
76%
Angola
67%
Indie
67%
Rosja
67%
Arabia Saudyjska
61%
Indonezja
61%
Mongolia
61%
Czad
55%
Meksyk
52%
Nigeria
52%
Republika Południowej Afryki
52%
Wenezuela
48%
Etiopia
45%
Kazachstan
45%
Pakistan
45%
Namibia
42%
Sudan
42%
Boliwia
39%
Iran
33%
Libia
30%
Chile
27%
Turcja
27%
Nie znaleziono quizów pasujących do podanych kryteriów
Rozkład punktacji
Procent ludzi z każdym wynikiem
Percentyl według liczby udzielonych odpowiedzi
Twoja historia wyników
Nie rozwiązałeś tego quizu